000 01643aam a2200409 4500
005 20251015154600.0
008 150309b2008 xxu||||| |||| 00| 0 spa d
020 _a9789586773988
041 _aESP
082 _a617.6 M938m
100 _aMoya, Mauricio
_916367
100 _aPinzón, Mercedes
_916368
100 _aForero, Darío
_916369
245 _aManual de odontología básica integrada
260 _aColombia
_bZamora Editores
_c2008
300 _a404 páginas
300 _bIlustraciones a color
490 _aMecánica Dental
505 _aTomo I: Relaciones humanas. Historia de la odontología. Farmacología. La unidad asistencial odontológica. Funciones del auxiliar de consultorio odontológico. Bioseguridad. Embriología e histología oral. Anatomía del sistema estomatognático. Semiología e historia clínica en salud oral. Primeros auxilios en la unidad aistencial odontológica. Patología oral y maxilofacial.
505 _aTomo II: Promoción y prevención. Anestesia. Rehabilitación oral - prostodoncia. Endodoncia. Ortodoncia en la práctica general. Odontopediatría. Periodoncia. Cirugía. Radiología dental.
650 _aODONTOLOGÍA
650 _aHISTORIA DE LA ODONTOLOGÍA
650 _aFARMACOLOGÍA
650 _aEMBRIOLOGÍA
650 _aSISTEMA ESTOMATOGNÁTICO
650 _aPRIMEROS AUXILIOS
650 _aPATOLOGÍA ORAL
650 _aANESTESIA
650 _aENDODONCIA
650 _aORTODONCIA
650 _aODONTOPEDIATRÍA
650 _aRADIOLOGÍA DENTAL
650 _aPROSTODONCIA
650 _aPERIODONCIA
650 _aSALUD ORAL
942 _cBK
_2ddc
999 _c3778
_d3778